Business Research Methods: (Record no. 6213)

MARC details
000 -LEADER
fixed length control field 00554nam a22001937a 4500
003 - CONTROL NUMBER IDENTIFIER
control field OSt
005 - DATE AND TIME OF LATEST TRANSACTION
control field 20190903095731.0
008 - FIXED-LENGTH DATA ELEMENTS--GENERAL INFORMATION
fixed length control field 190813b ||||| |||| 00| 0 eng d
020 ## - INTERNATIONAL STANDARD BOOK NUMBER
International Standard Book Number 9781843982289
040 ## - CATALOGING SOURCE
Transcribing agency 040a
082 ## - DEWEY DECIMAL CLASSIFICATION NUMBER
Classification number 001.42
Item number CAM 2009
100 ## - MAIN ENTRY--PERSONAL NAME
Personal name Cameron, Sheila; Price, Deborah
9 (RLIN) 12793
245 ## - TITLE STATEMENT
Title Business Research Methods:
Remainder of title a practical approach
260 ## - PUBLICATION, DISTRIBUTION, ETC. (IMPRINT)
Place of publication, distribution, etc. London;
Name of publisher, distributor, etc. CIPD,
Date of publication, distribution, etc. 2009
300 ## - PHYSICAL DESCRIPTION
Extent xxxix, 610p;
Other physical details col.ill:
Dimensions 28 cm.
504 ## - BIBLIOGRAPHY, ETC. NOTE
Bibliography, etc Includes bibliographical references
650 ## - SUBJECT ADDED ENTRY--TOPICAL TERM
Source of heading or term Research methods
942 ## - ADDED ENTRY ELEMENTS (KOHA)
Source of classification or shelving scheme Dewey Decimal Classification
Koha item type Open Shelf
Holdings
Withdrawn status Lost status Source of classification or shelving scheme Damaged status Not for loan Home library Current library Date acquired Source of acquisition Inventory number Total Checkouts Full call number Barcode Date last seen Koha item type Price effective from
    Dewey Decimal Classification     Faculty of Management Science Library Faculty of Management Science Library 13/08/2019 Purchase 19/40870   001.42 CAM 2009 2019-0049 13/08/2019 Short Loan  
    Dewey Decimal Classification     Faculty of Management Science Library Faculty of Management Science Library 13/08/2019 Purchase 19/40872   001.42 CAM 2009 2019-0050 13/08/2019 Short Loan  
    Dewey Decimal Classification     Faculty of Management Science Library Faculty of Management Science Library 13/08/2019 Purchase 19/40871   001.42 CAM 2009 2019-0051 13/08/2019 Short Loan  
    Dewey Decimal Classification     Faculty of Management Science Library Faculty of Management Science Library 15/11/2021 Purchase 17/40168   001.42 CAM 2009 2021-1714 15/11/2021 Book 15/11/2021
    Dewey Decimal Classification     Faculty of Management Science Library Faculty of Management Science Library 15/11/2021 Purchase 19/40872   001.42 CAM 2009 2021-1715 15/11/2021 Book 15/11/2021
    Dewey Decimal Classification     Faculty of Management Science Library Faculty of Management Science Library 15/11/2021 Purchase 17/40170   001.42 CAM 2009 2021-1716 15/11/2021 Book 15/11/2021